| 000 | 01149nam a2200265 i 4500 | ||
|---|---|---|---|
| 001 | 77810 | ||
| 003 | ES-MaACL | ||
| 005 | 20250817190702.0 | ||
| 007 | t| | ||
| 008 | 041110s1999 it ||||1| spa d | ||
| 020 | _a88-8118-499-0 | ||
| 080 | _a75 Greco (083.824) | ||
| 245 | 0 | 3 |
_aEl Greco, identidad y transformación _b: Creta, Italia, España : [exposición] / _cedición a cargo de José Alvarez Lopera. |
| 260 |
_a[Madrid] : _bFundación Colección Thyssen-Bornemisza ; _aItalia : _bSkira, _c[1999] |
||
| 300 |
_a455 p. : _bil. ; _c29 cm. |
||
| 500 | _aMuseo Thyssen-Bornemisza, Madrid, 3 de febrero-16 de mayo 1999 ; Palacio de Exposiciones, Roma, 2 de junio-19 de septiembre 1999 ; Pinacoteca Nacional-Museo Alexandros Soutzos, Atenas, 18 de octubre 1999-17 de enero 2000. | ||
| 504 | _aBibliografía: p. 435-455. | ||
| 600 | 0 | 4 |
_aEl Greco- _vExposiciones. _946892 |
| 655 | 7 |
_2tgfbne _9193628 _aCatálogos de exposiciones |
|
| 700 | 1 |
_aÁlvarez Lopera, José, _d1950-2008 _920857 |
|
| 710 | 2 |
_aMuseo Nacional Thyssen-Bornemisza _95926 |
|
| 852 |
_aES-MaACL _jL-28411 _bR.134521 |
||
| 942 | _2udc | ||
| 999 |
_c77810 _d77810 |
||